000
00330nam a2200145Ia 4500
100
_a
Carlson/G.E.
650
_a
Electrical Engineering
942
_c
BK
654
_a
Engineering
245
_a
Signal & Linear System Analysis
260
_b
Allied Pub
_a
New Delhi
_c
1993
082
_a
621.3822
546
_a
ENGLISH
999
_c
31490
_d
31490